Geografía por Imágenes- R - Estadísticas

Estadísticas generales
  • Esta prueba ha sido intentada 3.035 veces
  • La puntuación promedio es 10 de 18
Estadísticas de respuestas
Imagen Hint Respuesta % Correcto
capital Roma
96%
país Ruanda
86%
país Rumania
80%
ciudad Río de Janeiro
74%
monumento Mont {Rushmore}
73%
cadena de montañas Montañas {Rocosas}
62%
río Rin
62%
estado de los EE.UU. Rhode Island
60%
isla (nombre indígena) {Rapa} Nui
57%
movimiento religioso Rastafari
55%
capital Riga
54%
ciudad Róterdam
52%
capital Riad
50%
edificio Reichstag
30%
isla Rodas
24%
ciudad Rangún
21%
macizo italo-suizo Monte {Rosa}
17%
Campo de hielo (en rojo) Barrera de hielo de {Ross}
14%
No se encontraron pruebas coincidentes
Distribución de puntuación
Porcentaje de gente con cada puntuación
Porcentaje por número respondido
Historial de tus puntuaciones
No has intentado esta prueba.